ბათუმის შოთა რუსთაველის სახელმწიფო უნივერსიტეტის ბიბლიოთეკა

თხზულებათა სრული კრებული : 15 ტომად. ტ. 15 (ბიბ.ჩანაწერი № 48739)

000 -LEADER
fixed length control field 01100nam a2200241Ia 4500
001 - CONTROL NUMBER
control field 15639
003 - CONTROL NUMBER IDENTIFIER
control field GE_BSU
008 - FIXED-LENGTH DATA ELEMENTS--GENERAL INFORMATION
fixed length control field 181216s||||||||xx |||||||||||||| ||und||
040 ## - CATALOGING SOURCE
Transcribing agency GE_BSU
080 ## - UNIVERSAL DECIMAL CLASSIFICATION NUMBER
Universal Decimal Classification number 821.353.1 + 821.353.1-6
100 ## - MAIN ENTRY--PERSONAL NAME
Personal name წერეთელი, ა.
245 ## - TITLE STATEMENT
Title თხზულებათა სრული კრებული : 15 ტომად. ტ. 15
245 ## - TITLE STATEMENT
Remainder of title პირადი წერილები, 1859-1914. რუს. ენ. დაწერილი თხზულებანი, 1864-1911. -
245 ## - TITLE STATEMENT
Statement of responsibility, etc. სარედ.კოლ. გიორგი აბზიანიძე. მხატვ.დ. და ვლ.ქუთათელაძეები
260 ## - PUBLICATION, DISTRIBUTION, ETC.
Place of publication, distribution, etc. თბილისი
260 ## - PUBLICATION, DISTRIBUTION, ETC.
Name of publisher, distributor, etc. საბჭოთა საქართველო
260 ## - PUBLICATION, DISTRIBUTION, ETC.
Date of publication, distribution, etc. 1963
300 ## - PHYSICAL DESCRIPTION
Extent 708გვ.1ფ.პორტრ.20სმ.
520 ## - SUMMARY, ETC.
Summary, etc. ტექსტის ნაწ. რუს. ენ
653 ## - INDEX TERM--UNCONTROLLED
Uncontrolled term დაწერილი თხზულებანი
653 ## - INDEX TERM--UNCONTROLLED
Uncontrolled term პირადი წერილები
942 ## - ADDED ENTRY ELEMENTS (KOHA)
Koha item type წიგნი
ეგზემპლარები
Withdrawn status Lost status Damaged status Not for loan Date acquired Barcode Date last seen Price effective from Koha item type
        2018-12-17 38861 2018-12-17 2018-12-17 წიგნი